<?xml version="1.0" encoding="UTF-8"?>
<record
    xmlns:xsi="http://www.w3.org/2001/XMLSchema-instance"
    xsi:schemaLocation="http://www.loc.gov/MARC21/slim http://www.loc.gov/standards/marcxml/schema/MARC21slim.xsd"
    xmlns="http://www.loc.gov/MARC21/slim">

  <leader>00638nab a2200205uuc4500</leader>
  <controlfield tag="001">1524405</controlfield>
  <controlfield tag="005">20240202132019.0</controlfield>
  <controlfield tag="008">190426e20190405                    spa  </controlfield>
  <datafield tag="035" ind1=" " ind2=" ">
    <subfield code="a">1524405</subfield>
  </datafield>
  <datafield tag="040" ind1=" " ind2=" ">
    <subfield code="c">comduadb</subfield>
  </datafield>
  <datafield tag="041" ind1=" " ind2=" ">
    <subfield code="a">spa</subfield>
  </datafield>
  <datafield tag="100" ind1="1" ind2="0">
    <subfield code="a">Armengol, Josep M.</subfield>
    <subfield code="4">aut</subfield>
    <subfield code="e">aut</subfield>
    <subfield code="9">570179</subfield>
  </datafield>
  <datafield tag="245" ind1="1" ind2="3">
    <subfield code="a">El control de las vibraciones</subfield>
  </datafield>
  <datafield tag="650" ind1=" " ind2=" ">
    <subfield code="a">Sonidos</subfield>
    <subfield code="9">2016</subfield>
  </datafield>
  <datafield tag="650" ind1=" " ind2="7">
    <subfield code="a">Musicolog&#xED;a</subfield>
    <subfield code="2">lemb</subfield>
    <subfield code="9">33694</subfield>
  </datafield>
  <datafield tag="650" ind1=" " ind2=" ">
    <subfield code="a">Aislamiento ac&#xFA;stico</subfield>
    <subfield code="9">12506</subfield>
  </datafield>
  <datafield tag="650" ind1=" " ind2="7">
    <subfield code="a">Sonido</subfield>
    <subfield code="2">lemb</subfield>
    <subfield code="9">13742</subfield>
  </datafield>
  <datafield tag="773" ind1="0" ind2=" ">
    <subfield code="t">Scherzo : Revista de M&#xFA;sica (Madrid)</subfield>
    <subfield code="g">Volumen 34, N&#xFA;mero 350, Abril de 2019, 104-105</subfield>
    <subfield code="w">161158</subfield>
    <subfield code="x">0213-4802</subfield>
    <subfield code="0">173673</subfield>
  </datafield>
  <datafield tag="942" ind1=" " ind2=" ">
    <subfield code="c">ARIMP</subfield>
  </datafield>
  <datafield tag="999" ind1=" " ind2=" ">
    <subfield code="c">793151</subfield>
    <subfield code="d">793151</subfield>
  </datafield>
</record>
